000 00539nam a2200181Ia 4500
003 IN-BaIIA
008 211028s9999 xx 000 0 eng d
040 _cIIA Library
080 _a621.38
_bELM
100 _aElmore, William
_92165
245 0 _aElectronics
_bexperimental techniques
_cWilliam Elmore and Matthew Sands
260 _aNew York
_bMcGraw-Hill
_c1949
300 _a417p.
650 _aElectronics
_91576
650 _aNASA Thesaurus
700 _aSands, Matthew
_92166
942 _cBK
999 _c1004
_d1004